Visualizzazione normale
Vista MARC
- Grieco G., Gutierrez Fernandez J.G., Aznar J., Morana J., Samaniego C.P., Chihambakwe R., Wo Jung S.J., Clements J., Laffitte J
di Personal Name
Records bibliografici associati: 1
001 - CONTROL NUMBER
- control field: 59748
003 - CONTROL NUMBER IDENTIFIER
- control field:
005 - DATE AND TIME OF LATEST TRANSACTION
- control field: 20230320134217.0
008 - FIXED-LENGTH DATA ELEMENTS
- fixed length control field: 230320|| aca||aabn | a|a d
040 ## - CATALOGING SOURCE
- Original cataloging agency:
- Transcribing agency:
100 ## - HEADING--PERSONAL NAME
- Personal name: Grieco G., Gutierrez Fernandez J.G., Aznar J., Morana J., Samaniego C.P., Chihambakwe R., Wo Jung S.J., Clements J., Laffitte J
670 ## - SOURCE DATA FOUND
- Source citation: Work cat.: ()236584: Antonelli Ennio 56150, Seminario internazionale di studio con le associazioni pro-vita, 2010